Derecho municipal chileno

Guardat en:
Dades bibliogràfiques
Autor principal: Fernández Richard, José (Autor)
Format: Llibre
Idioma:espanyol
Publicat: Santiago Jurídica Conosur 2003
Matèries:
Etiquetes: Afegir etiqueta
Sense etiquetes, Sigues el primer a etiquetar aquest registre!

MARC

LEADER 00000nam a2200000 a 4500
001 UCL5580
003 CL-VaPUC
008 040312e20030000CL |||||||||||||||||spa|d
020 |a 956101467X 
082 0 4 |a 352.83  |b FER  |2 21 
100 0 |a Fernández Richard, José  |e author  |9 483291 
245 1 0 |a Derecho municipal chileno 
300 |a 437 p 
942 |c BK 
945 |d 20040312 00:00:00  |a cmena 
260 |a Santiago  |b Jurídica Conosur  |c 2003 
650 7 |a DERECHO MUNICIPAL  |2 CL-VaPUC  |9 257568 
650 0 |a Municipalidades   |9 255557 
650 7 |a RENTAS MUNICIPALES  |2 CL-VaPUC  |9 329512 
650 7 |a GOBIERNO Y ADMINISTRACION  |2 CL-VaPUC  |9 258649 
650 0 |a Alcaldes   |9 384145 
650 7 |a BIENES MUNICIPALES  |2 CL-VaPUC  |9 383892 
650 7 |a RESPONSABILIDAD MUNICIPAL  |2 CL-VaPUC  |9 384144 
650 7 |a ELECCIONES MUNICIPALES  |2 CL-VaPUC  |9 400788 
651 7 |a CHILE  |2 CL-VaPUC  |9 483292 
583 |a last modification  |c 20170612 01:54:26  |k Rodrigo Vera 
999 |c 308089  |d 308087 
952 |0 0  |1 0  |4 0  |6 352_830000000000000_FER_2003  |7 0  |8 A  |9 374329  |a BIBDER  |b BIBDER  |d 2019-11-21  |i 392839K  |o 352.83 FER 2003  |p 392839K  |r 2023-01-25  |w 2019-11-21  |y BK  |k DER 
952 |0 0  |1 0  |4 0  |6 352_830000000000000_FER_2003  |7 0  |8 A  |9 374330  |a BIBDER  |b BIBDER  |d 2019-11-21  |i 4169158  |o 352.83 FER 2003  |p 4169158  |r 2023-01-25  |w 2019-11-21  |y BK  |k DER 
952 |0 0  |1 0  |4 0  |6 352_830000000000000_FER_2003  |7 0  |8 A  |9 374331  |a BIBDER  |b BIBDER  |d 2019-11-21  |i 4169166  |o 352.83 FER 2003  |p 4169166  |r 2023-01-25  |w 2019-11-21  |y BK  |k DER